| 000 | 01043nam a2200277 c 4500 | ||
|---|---|---|---|
| 001 | 000030291 | ||
| 003 | RuMoIPM | ||
| 005 | 20260413121411.0 | ||
| 008 | 201105s1985 ru a||||||||||||||||rus d | ||
| 035 | _a(RuMoBEN) 000140164 | ||
| 035 | _a(RuMoBEN Bibliobus) 257589 | ||
| 040 |
_aRuMoBEN _brus _ercr |
||
| 041 | _arus | ||
| 044 | _aru | ||
| 080 | _a519.6 | ||
| 080 | _a517.5 | ||
| 100 | 1 | _aКелдыш, Мстислав Всеволодович | |
| 245 | 0 | 0 |
_aИзбранные труды _bМатематика _cМ. В. Келдыш ; ред.: К. И. Бабенко, Н. Н. Боголюбов, Н. Н. Ченцов ; [Академия наук СССР] |
| 260 |
_aМосква _bНаука _c1985 |
||
| 300 |
_a447 с. _bпортр. |
||
| 504 | _aИмен. указ.: с. 443 | ||
| 700 | 0 |
_aБоголюбов, Николай Николаевич _eред. |
|
| 700 | 0 |
_aБабенко, Константин Иванович _eред. |
|
| 700 | 0 |
_aЧенцов, Николай Николаевич _eред. |
|
| 942 | _cBK | ||
| 999 |
_c30291 _d30291 |
||